| 000 | 00517nam a2200193 4500 | ||
|---|---|---|---|
| 001 | 6559 | ||
| 005 | 20230410103616.0 | ||
| 008 | 060907n1999 dr spa | ||
| 020 | _a9802161659 | ||
| 035 | _9funglode6618 | ||
| 041 | _aES | ||
| 050 | 1 | 4 | _a120 NA 8210 G249h 1999 |
| 100 | _aGasparini, Graziano | ||
| 245 | 1 |
_aHaciendas venezolanas / _cGraziano Gasparini |
|
| 260 |
_aCaracas : _bArmitano editores, _c1999 |
||
| 300 | _a267 p. | ||
| 700 | _aTroconis de Veracoechea, Ermila | ||
| 942 |
_2lcc _cbk |
||
| 999 |
_c22342 _d22342 |
||